000 00373nam a2200133Ia 4500
008 210430s9999 xx 000 0 und d
020 _a81-87316-70-5
082 _a660.28 D269 P
100 _aS.D.Dawande
_954227
245 _aPrinciples of Reaction Engineering
_cS.D.Dawande
260 _aNagpur
_bCentral Techno Publications
_c2003
300 _a713p.
942 _cBK
_2ddc
999 _c564714
_d564714